Análisis crítico al marco teórico de la secularización en las relaciones religión-sociedad /
Este trabajo se sitúa en una perspectiva meramente teórica. No consiste en la presentación de ninguna investigación. Constituye, una invitación a los estudiosos en materia a la reflexión crítica sobre un primer intento de búsqueda de un marco teórico válido para el estudio científico de las interrel...
Furkejuvvon:
| Váldodahkki: | |
|---|---|
| Materiálatiipa: | Texto |
| Fáttát: | |
| Fáddágilkorat: |
Lasit fáddágilkoriid
Eai fáddágilkorat, Lasit vuosttaš fáddágilkora!
|
MARC
| LEADER | 00000 a a2200000 04500 | ||
|---|---|---|---|
| 001 | 16726 | ||
| 003 | |||
| 040 | |||
| 100 | |a Rodríguez F.SDB., P. Jaime | ||
| 245 | |a Análisis crítico al marco teórico de la secularización en las relaciones religión-sociedad / |c P. Jaime Rodríguez F.SDB. | ||
| 520 | |a Este trabajo se sitúa en una perspectiva meramente teórica. No consiste en la presentación de ninguna investigación. Constituye, una invitación a los estudiosos en materia a la reflexión crítica sobre un primer intento de búsqueda de un marco teórico válido para el estudio científico de las interrelaciones mutuas de religión y sociedad en América Latina | ||
| 650 | |a RELIGION | ||
| 650 | |a SOCIEDAD | ||
| 650 | |a CULTURA | ||
| 650 | |a IGLESIA CATOLICA | ||
| 773 | |g volumen 15, número 41; páginas 35-56 | ||
| 999 | |c 34975 |d 34975 | ||
